000 00576nmm a2200169Ia 4500
008 251105s9999||||xx |||||||||||||||||und||
020 _a9781612360744
041 _aspa
100 _aHarris, Nancy
245 0 _a¿Qué es más grande que yo? : un libro acerca de las medidas = What is big compared to me? : a book about measurements
264 _a[Madrid, España] :
_bRourke Educational Media,
_c2008
300 _a24 páginas
490 _aEnfoque matemático
650 _aAges 6-8 Years Old
856 _uhttps://public.digitaliapublishing.com/a/24638
942 _cCF
999 _c75042
_d75042